[Event "Terres Catalanes"]
[Site "Manresa"]
[Date "1996.??.??"]
[Round "5"]
[White "Cifuentes Parada, Roberto"]
[Black "Mellado Trivino, Juan"]
[Result "1/2-1/2"]
[WhiteElo "2500"]
[BlackElo "2455"]
[Annotator "Cifuentes Parada,L"]
[PlyCount "90"]
[EventDate "1996.09.??"]
[EventType "tourn"]
[EventRounds "9"]
[EventCountry "ESP"]
[EventCategory "9"]
[SourceTitle "CBM 056"]
[Source "ChessBase"]
[SourceDate "1997.02.01"]
[SourceVersion "1"]
[SourceVersionDate "1997.02.01"]
[SourceQuality "1"]

1. d4 d5 2. c4 Nc6 3. cxd5 Qxd5 4. e3 e5 5. Nc3 Bb4 6. Bd2 Bxc3 7. bxc3 Nf6 (
7... Qd6 8. Bd3 (8. Ne2 h5 9. Ng3 $6 (9. f4 $5) 9... h4 10. Ne4 Qg6 11. f3 Nge7
12. Nf2 Be6 13. Qb1 Qxb1+ (13... f5 $5 $36) 14. Rxb1 O-O-O 15. Rb2 f6 $1 16.
Bd3 Na5 $15 {Skembris,S-Miladinovic,I/Greece 1995}) 8... Nge7 9. Ne2 (9. Nf3
Bg4 $5 $132) 9... O-O 10. O-O b6 (10... Be6 $2 11. Qb1 $16) 11. f3 Be6 12. Qc1
Rad8 13. Be1 Ng6 (13... f5 14. Bh4 $14) 14. Bg3 f5 15. Rd1 $13) 8. f3 Qd6 (8...
exd4 9. cxd4 O-O 10. Qb3 $1 (10. Ne2 Re8 11. Kf2 Qd6 12. g3 $13) 10... Qd6 11.
Bc4 Be6 12. Ne2 Rfe8 13. O-O Bxc4 14. Qxc4 Rad8 15. Qb3 $1 $14) (8... O-O 9. e4
Qd6 10. d5 Ne7 11. c4 $1 Nd7 12. Ne2 Nc5 13. Nc3 f5 14. Be3 $14) 9. Bd3 O-O 10.
Ne2 Be6 (10... Re8 11. O-O e4 12. fxe4 Nxe4 13. Bxe4 Rxe4 14. Ng3 Re8 15. e4
$36) (10... b6 $5 $14) 11. O-O Rad8 (11... Rfe8 12. Qc1 $1 (12. Be1 $6 Nd5 $1
13. Bf2 Nb6 14. e4 Bc4 15. Qd2 Na5 16. Rad1 Rad8 $13) 12... Rab8 (12... Rad8
13. Be1 Bc8 14. Bf2 {/\ e4} exd4 (14... e4 15. fxe4 Nxe4 16. Bh4 f6 17. Qc2 Qe7
18. Rf4 $5 (18. Ng3 $5 {Beliavsky,A-Miladinovic,I/Beograd 1995}) 18... Ng5 19.
e4 Nf7 20. Raf1 $36) 15. cxd4 Nb4 16. Bb1 Qa6 17. Nf4 $1 Nc6 (17... g5 18. a3
$1) 18. Bd3 Qa5 19. h4 $16 {Cifuentes,R-Sariego,W/XXXI Capablanca B (4) 1996})
13. Be1 b5 14. Bh4 Nd7 15. Rd1 Na5 16. Bg3 Bc4 17. dxe5 Qe7 18. f4 f6 19. Bf5
Rbd8 20. Qc2 Nf8 21. Nd4 fxe5 22. fxe5 c5 23. Nf3 $16 {Garcia,D - Arencibia,W/
Terres Catalanes (7) 1996}) 12. Qc1 exd4 13. cxd4 Ne5 $6 $146 14. dxe5 Qxd3 15.
Bb4 $1 (15. exf6 Qxd2 16. Nd4 Qxc1 17. Rfxc1 Rd7 $1 (17... c6 18. Rab1 Rd7 19.
fxg7 Kxg7 20. a4 $14) 18. Rab1 b6 19. fxg7 Kxg7 20. a4 Bd5 $10) 15... Rfe8 16.
Nf4 (16. exf6 Qxe2 17. fxg7 $14) 16... Qb5 $8 (16... Qc4 $4 17. Nxe6 $18) 17.
exf6 Qxb4 18. Nxe6 $6 (18. Rb1 $1 Qd2 19. Rxb7 Bxa2 20. Rxa7 $16) 18... Rxe6
19. Qxc7 Rde8 20. Rab1 Qd2 21. e4 Rc6 $1 22. Qg3 (22. Qxb7 $4 Rc2 $19) 22...
Rxf6 23. Rxb7 Qxa2 24. Qf2 $2 (24. Qb8 $1 Rfe6 25. Qxa7 Qxa7+ 26. Rxa7 $14)
24... Ra6 $1 25. Rd1 h5 26. h4 Rc8 27. Rb2 Qe6 28. Rd5 g6 29. Qg3 Rb6 30. Rbd2
Rb1+ 31. Kh2 Qb6 32. R2d4 Qc7 33. Qxc7 Rxc7 34. Ra5 Rb2 35. Kg3 Rcc2 36. Rd8+
Kg7 37. Rxa7 Rxg2+ 38. Kf4 Rb6 $1 $10 39. Raa8 Rf6+ 40. Ke3 Rb6 41. Rg8+ Kf6
42. Kf4 Re2 43. Ra7 Re6 44. Rf8 Re7 45. Rxe7 Kxe7 1/2-1/2

[Event "ESP-chT"]
[Site "Mondariz"]
[Date "2002.12.05"]
[Round "6"]
[White "Cifuentes Parada, Roberto"]
[Black "Vallejo Pons, Francisco"]
[Result "1/2-1/2"]
[WhiteElo "2507"]
[BlackElo "2635"]
[Annotator "Cifuentes Parada,L"]
[PlyCount "50"]
[EventDate "2002.11.30"]
[EventType "team"]
[EventRounds "9"]
[EventCountry "ESP"]
[SourceTitle "CBM 091 Extra"]
[Source "ChessBase"]
[SourceDate "2003.01.09"]
[SourceVersion "1"]
[SourceVersionDate "2003.01.09"]
[SourceQuality "1"]

1. d4 d5 2. c4 Nc6 3. cxd5 Qxd5 4. e3 e5 5. Nc3 Bb4 6. Bd2 Bxc3 7. Bxc3 exd4 8.
Ne2 Nf6 9. Nxd4 O-O 10. Nb5 Qg5 11. h4 $6 Qh6 $1 (11... Qg6 $6 12. Nxc7 $1 Bg4
13. Bd3 $1 Qh6 14. Qa4 Rad8 15. Bc2 Bc8 16. Rd1 $16 {1-0 Cifuentes Parada,
R-Miladinovic,I/Dos Hermanas 2000}) 12. Qf3 (12. Be2 Rd8 13. Qa4 (13. Qc2 Nd5
14. Rd1 Be6 15. a3 Rd7 16. Nd4 Nxc3 17. Qxc3 Nxd4 18. Rxd4 Rad8 19. Rxd7 Rxd7
20. Bf3 b6 21. g3 Qf6 22. Qxf6 gxf6 23. h5 h6 24. Rh4 c5 25. Be2 Bb3 26. Rf4
Kg7 27. g4 Rd6 28. Re4 Kf8 29. Rf4 a5 30. Re4 Rd8 31. Rf4 Ke7 32. Re4+ Kd6 33.
Bd1 Be6 34. Be2 f5 35. gxf5 Bxf5 36. Rf4 Ke5 37. Rf3 b5 38. e4 Be6 39. Rc3 c4
40. f3 Kf4 41. Rc2 Rd4 42. Bd1 b4 43. axb4 axb4 44. Be2 Ke3 45. Rc1 Rd2 46.
Bxc4 Rh2 47. Bf1 Rh1 48. Rc2 Bh3 {0-1 Rogozenko,D-Morozevich,A/Istanbul TUR
2000 (48)}) 13... Nd5 14. Rd1 Be6 15. h5 a6 16. Rxd5 $1 Bxd5 17. Nxc7 Rac8 18.
Nxd5 Rxd5 19. Bf3 Rdd8 20. O-O Qg5 21. Rd1 Rxd1+ 22. Qxd1 Rd8 23. Qa4 h6 24.
Qe4 $44 Qc5 25. a3 Qd6 26. Qf5 Qd7 27. Qf4 Qd6 28. Qf5 Qe6 29. Qf4 Qd6 {
1/2-1/2 Peng,Z-Botsari,A/Istanbul ol, (NED-GRC) 2000 (29)}) 12... Bg4 13. Qg3
Rad8 (13... Rfd8 $143 14. Bc4) 14. Bc4 (14. Nxc7 $6 Ne4 15. Qxg4 Nxc3 16. bxc3
Qd6) 14... Be6 $1 (14... a6 $2 15. Nxc7 Ne4 (15... Rd7 16. Nd5 Nxd5 17. Qxg4
Rfd8 18. Bxd5 Rxd5 19. Rc1 R5d6 20. Qg5 $1) 16. Qxg4 Nxc3 17. bxc3 (17. Ne6 Ne5
18. Qf5 Nxc4 19. Nxd8 Nxe3 20. Qd3 Re8 $1) 17... Ne5 18. Qe4 Qd6 19. O-O (19.
Nd5 Nxc4 20. Rd1 Ne5 21. O-O $14) 19... Qxc7 20. Bb3 h5 21. Rfd1 Rde8 22. Qf4
Re7 (22... Qxc3 23. Rac1 Qa5 24. Qg5 $1) 23. Rd5 Qxc3 24. Rad1 Ng6 25. Qg5 Re5
26. Rxe5 Nxe5 27. Qxh5 g6 28. Qh6 Ng4 29. Qxg6+ {1-0 Timoscenko,G-Rossato,A/
Padova ITA 2000 (29)}) 15. Bxe6 fxe6 16. Qg5 $8 Qxg5 17. hxg5 Nd5 (17... Ne4
18. f3 $1 Nxg5 19. Nxc7 $14) 18. Nd4 $1 (18. Rd1 Rf5 $1 19. e4 Nxc3 20. Rxd8+
Nxd8 $17) 18... Nxd4 19. Bxd4 Nf4 $1 (19... Nb4 20. Ke2 Nc2 21. Rad1 Nxd4+ 22.
Rxd4 Rxd4 23. exd4 Rf4 (23... Rf5 24. Rc1 c6 25. Rc5 $11) 24. Rd1 $1 c6 (24...
Kf7 25. Rd3 Rf5 26. Rb3 b6 27. Rc3 c5 28. dxc5 bxc5 29. Ra3) 25. Rd3 Rg4 26.
Rb3 b5 27. Rc3 $11) (19... Rf5 20. e4 Rf4 21. f3 Nb4 22. Be3) 20. Rd1 $1 e5 (
20... Nxg2+ $6 21. Ke2 Rf5 22. Bxa7 Ra8 23. Bd4 Rxg5 24. Bc3 b5 25. a3 $44) 21.
exf4 exd4 22. g3 $13 c5 23. Kd2 (23. Rc1 Rc8 24. Kd2 c4 25. Rhe1 Kf7 26. Re5
Rfd8 27. b3 c3+ 28. Kd3 Rc6 29. Re4 Rcd6 30. f5 a5) 23... c4 24. Rhe1 Rde8 25.
a4 Kf7 (25... Kf7 26. Rxe8 Rxe8 27. Rc1 Rc8 28. b3 c3+ 29. Kd3 Rd8 30. Re1 $13)
1/2-1/2

[Event "Olympiad-34"]
[Site "Istanbul"]
[Date "2000.10.29"]
[Round "2.2"]
[White "Avrukh, Boris"]
[Black "Miladinovic, Igor"]
[Result "1-0"]
[WhiteElo "2625"]
[BlackElo "2563"]
[Annotator "Dautov,R"]
[PlyCount "69"]
[EventDate "2000.10.28"]
[EventType "team-swiss"]
[EventRounds "14"]
[EventCountry "TUR"]
[SourceTitle "EXT 2001"]
[Source "ChessBase"]
[SourceDate "2000.11.22"]
[SourceVersion "1"]
[SourceVersionDate "2000.11.22"]
[SourceQuality "1"]
[WhiteTeam "Israel"]
[BlackTeam "Greece"]
[WhiteTeamCountry "ISR"]
[BlackTeamCountry "GRE"]

1. d4 d5 2. c4 Nc6 3. cxd5 Qxd5 4. e3 e5 5. Nc3 Bb4 6. Bd2 Bxc3 7. bxc3 Nf6 8.
f3 e4 $6 {Der letzte Schrei in dieser vielgespielten Variante. Schwarz
schließt das Zentrum und verhindert damit den gegnerischen Aufbau mit e3-e4.
Dennoch konnte diese Spielweise bisher nicht überzeugen.} (8... Qd6 9. Bd3 O-O
10. Ne2 Re8 11. O-O b6 12. Qc2 Be6 13. Rad1 Rad8 14. Kh1 h6 15. a4 Bd7 16. e4
exd4 17. Bf4 Qc5 18. cxd4 Nxd4 19. Qxc5 bxc5 20. Nxd4 cxd4 21. Bxc7 $14 {
Van der Sterren,P-Piket,J/Amsterdam 1999}) (8... O-O 9. e4 Qd6 10. d5 (10. Be3
$5) 10... Ne7 11. c4 Nd7 12. Ne2 b6 (12... Nc5 $5) 13. Nc3 a6 14. Be2 Nc5 15.
O-O f5 16. Be3 $14 {Dautov,R-Miladinovic,I/Yerevan (ol) 1996}) 9. c4 (9. f4 O-O
10. c4 Qd6 11. Qb3 a5 12. a3 Re8 13. Ne2 Bd7 (13... Bg4 14. Bc3 Ne7 15. Ng3 h5
16. h3 Bd7 17. d5 $1 $16 {Giorgadze,G-Ginsburg,G/Bad Zwesten 1997}) 14. Bc3 a4
15. Qc2 Na5 16. Nc1 b6 17. Be2 Ng4 18. Bxg4 Bxg4 $11 {Hoang Than Trang-Botsari
Miladinovic,A/Elista 1998}) 9... Qd6 10. Qb1 $1 (10. Ne2 O-O 11. Ng3 Re8 $132)
10... Bf5 11. f4 O-O 12. Ne2 h5 (12... Rfe8 13. Ng3 Bd7 14. Be2 Rad8 15. Bc3
Ne7 $2 16. Qxb7 Nc6 17. Qb2 Rb8 18. Qd2 $16 {Radjabov,T-Antal,G/Budapest 2000})
({In Frage kommt m.E.} 12... a5 $5 {Schwarz nimmt das wichtige Feld b4 unter
Kontrolle und sichert damit die Stellung seiner Dame auf d6.} 13. d5 Ne7 (13...
Nb4 $6 14. Nd4 Bd7 15. a3 Na6 16. Bxa5 $16) 14. Nd4 Bd7 $132 {/\b6,/\Nf5}) 13.
d5 $1 {Weiß beginnt eine Serie kraftvoller Züge.} Ne7 (13... Rfd8 14. Bc3 Ne7
15. Be5 $14) 14. Bb4 Qd7 15. Nd4 Bg6 16. Be2 c6 $2 {Dieses Bauernopfer ist zu
optimistisch, Schwarz bekommt keine ausreichende Kompensation.} ({Angesagt war
bereits die passive Verteidigung:} 16... Rfb8 17. O-O Nf5 18. Nxf5 Bxf5 19. Bc3
$14) 17. dxc6 bxc6 18. Bxe7 Qxe7 19. Nxc6 Qc5 20. Nd4 $16 {Die schwarzen
Leichtfiguren sind sehr schlecht platziert, und Avrukh verhindert geschickt
ihre Aktivierung bis zum Partieschluß.} Rab8 21. Qc1 Ng4 22. h3 (22. O-O Nh6 {
/\Nf5}) 22... Nh6 23. g4 $1 Qe7 24. Kf2 Rfc8 25. Kg3 f6 26. Rb1 Rxb1 27. Qxb1
Bf7 28. Rc1 g5 29. Rf1 Kh7 (29... hxg4 30. hxg4 Bxc4 31. Qc2 $1 Qf7 (31... Ba6
32. Qb3+ $18) (31... Be6 32. Qxe4 $18) 32. Bxc4 Rxc4 33. Qxe4 $18) 30. Kg2 (30.
Qc2 $142 $16) 30... f5 $2 (30... Bxc4 $1 31. Bxc4 (31. Rc1 $2 Bxa2 $15) 31...
Rxc4 32. fxg5 fxg5 33. gxh5 $16) 31. fxg5 $18 Qxg5 32. Nxf5 Nxf5 33. Rxf5 Qe7
34. Qf1 Bg6 35. Rb5 1-0

[Event "EU-Cup 19th"]
[Site "Rethymno"]
[Date "2003.09.28"]
[Round "1.3"]
[White "Gagunashvili, Merab"]
[Black "Souleidis, Georgios"]
[Result "0-1"]
[WhiteElo "2577"]
[BlackElo "2382"]
[Annotator "Dautov,R"]
[PlyCount "60"]
[EventDate "2003.09.28"]
[EventType "team-swiss"]
[EventRounds "7"]
[EventCountry "GRE"]
[SourceTitle "CBM 098"]
[Source "ChessBase"]
[SourceDate "2004.02.03"]
[SourceVersion "1"]
[SourceVersionDate "2004.02.03"]
[SourceQuality "1"]
[WhiteTeam "Tbilisi"]
[BlackTeam "Chania Kydon"]
[WhiteTeamCountry "GEO"]
[BlackTeamCountry "GRE"]

1. d4 d5 2. c4 Nc6 3. cxd5 Qxd5 4. e3 e5 5. Nc3 Bb4 6. Bd2 Bxc3 7. bxc3 Nf6 8.
f3 O-O 9. e4 (9. Bd3 exd4 10. cxd4 Nxd4 $1 11. exd4 Qxd4 $44) 9... Qd6 10. Be3
{Weiß versucht die Spannung im Zentrum zu halten. Die alte Fortsetzung 10.d5
verlor seit der Partie Hoang Thanh Trang- Antal/Budapest 2002 an Attraktivität.
} (10. d5 Ne7 11. c4 Nd7 12. Ne2 f5 $1 13. Nc3 Qg6 $36 {Hoang Thanh
Trang-Antal/Budapest 2002}) 10... exd4 (10... Rd8 11. d5 (11. Ne2 $5) 11... Na5
12. c4 Nxc4 $1 13. Bxc4 Qb4+ 14. Qd2 Qxc4 15. Rc1 Qa6 16. Rxc7 Ne8 17. Rc2 Nd6
18. Bc5 f5 $132 {Berdichesky,R-Ruefenacht,M/corr. 2001}) (10... Na5 11. Bd3 c5
12. Ne2 Nc6 13. d5 Na5 14. c4 b6 15. O-O Qe7 16. Bd2 Nb7 17. Nc3 $14 {Popov,
V-Dubinsky,R/Smolensk 1997}) 11. cxd4 Re8 $1 {[%mdl 128] Die richtige
Strategie! Schwarz ist deutlich besser entwickelt und macht kein Geheimnis aus
seinen Opferabsichten.} (11... Rd8 12. Ne2 Qe7 13. Qb3 a5 14. a3 a4 15. Qc3 Na5
16. Nf4 Nb3 17. Ra2 g5 18. Ne2 Nh5 19. g3 c6 20. h4 gxh4 21. gxh4 $16 {Fominyh,
A-Bakre,T/Raipur 2002}) 12. Qd2 $6 {Weiß kann den Einschlag auf e4 nicht
verhindern, er kann nur versuchen, dessen Folgen abzumildern. In diesem Sinne
scheint mir 12.Ne2 besser geeignet; zumindest gerät Weiß damit nicht sofort in
Nachteil.} (12. Ne2 Nxe4 13. fxe4 Rxe4 14. Qd2 Bd7 (14... Bg4 $5 15. Nc3 Re7
16. Kf2 Rae8 17. Bf4 Qxd4+ 18. Qxd4 Nxd4 $11) 15. Nc3 Rxe3+ 16. Qxe3 Re8 17.
Ne4 Qxd4 (17... Qg6 18. Bd3 $11 {/\0-0}) 18. Qxd4 Nxd4 19. Bd3 Bf5 20. O-O-O
Bxe4 $11) 12... Bf5 $1 {Stark gespielt! Nun muß Weiß mit allen
Opfervariationen rechnen.} 13. Be2 (13. Ne2 Bxe4 14. fxe4 Nxe4 15. Qb2 Nb4 $40)
(13. Bb5 Bxe4 14. fxe4 Rxe4 $40) 13... Bxe4 $1 14. fxe4 Nxe4 15. Qb2 Ng3 16.
hxg3 Rxe3 17. O-O-O Nb4 $40 {Auch auf dem Damenflügel findet der weiße Monarch
keine Ruhe.} 18. Bc4 b5 $1 19. Bxf7+ $2 {Dies verliert, notwendig war 19.Bb3.}
(19. Bxb5 $2 Rc3+ 20. Kb1 Qg6+ $19) (19. Qd2 Rae8 20. Bb3 Rd3 21. Qf2 Qc6+ 22.
Kb1 Rxd1+ 23. Bxd1 Qe4+ 24. Bc2 Nxc2 25. Qxc2 Qe1+ 26. Kb2 Qb4+ $17) (19. Bb3
$1 a5 $1 (19... Nd3+ 20. Rxd3 Rxd3 21. Nf3 $14) 20. Nf3 (20. Qf2 Rxb3 21. axb3
Qc6+ 22. Kb2 a4 $17) 20... a4 21. Bc2 Rc3 22. Ne1 a3 $40) 19... Kxf7 20. Qf2+
Qf6 $1 $19 21. Qxf6+ (21. Qxe3 Qc6+ 22. Kd2 Qc2+ 23. Ke1 Re8 $19) 21... Kxf6
22. Rf1+ Kg6 23. Nf3 h6 24. Nh4+ Kh7 25. Rf7 Rxg3 26. Rxc7 Rf8 27. Rxa7 Rf2 28.
Kb1 Nd5 29. Ka1 b4 30. Ra5 Ra3 0-1

[Event "Bundesliga 0506"]
[Site "Germany"]
[Date "2005.11.13"]
[Round "4.5"]
[White "Babula, Vlastimil"]
[Black "Schneider, Ilja"]
[Result "1-0"]
[WhiteElo "2593"]
[BlackElo "2392"]
[Annotator "Dautov,R"]
[PlyCount "75"]
[EventDate "2005.10.21"]
[EventType "team-tourn"]
[EventRounds "15"]
[EventCountry "GER"]
[SourceTitle "CBM 110"]
[Source "ChessBase"]
[SourceDate "2006.01.31"]
[SourceVersion "1"]
[SourceVersionDate "2006.01.31"]
[SourceQuality "1"]
[WhiteTeam "Werder Bremen"]
[BlackTeam "Neukoelln"]
[WhiteTeamCountry "GER"]
[BlackTeamCountry "GER"]

1. d4 d5 2. c4 Nc6 3. Nf3 Bg4 4. Nc3 e6 5. cxd5 exd5 6. Bf4 {Dieses ruhige
System bleibt nach wie vor beliebt. Die entstehende Karlsbader Struktur ist
günstig für Weiß und die Theorie ist überschaubar - mehr kann man heutzutage
als Weißspieler kaum erwarten.} Bd6 7. Bg3 Bxf3 8. gxf3 f5 $5 {Ein
zweischneidiger Zug. Durch die Drohung f5-f4 will Schwarz will das
Bauernzenrum festlegen. Andererseits schwächt er damit die Felder e5 und e6 im
eigenen Lager.} (8... Nge7 9. e3 h5 10. a3 h4 11. Bxd6 Qxd6 12. Bh3 $1 a6 13.
f4 Nd8 14. Qb3 Rh6 15. Rg1 Kf8 16. O-O-O $14 {Atalik,S (2541)-Jurkovic,H (2448)
/Zenica 2004}) 9. Qd2 (9. Qb3 $6 Nxd4 10. Qa4+ Nc6 11. O-O-O Nge7 $11) 9...
Nge7 (9... Nf6 10. Bh3 g6 11. Rg1 (11. O-O-O $14) 11... Nh5 12. e3 O-O 13. f4
Ne7 14. Bh4 c6 15. Ne2 a5 16. Kf1 Qc7 17. Nc1 c5 $6 18. dxc5 Qxc5 19. Ne2 $16 {
Roiz,M (2593)-Raetsky,A (2453)/Biel 2005}) 10. O-O-O O-O 11. e4 $1 {Die
Öffnung des Zentrums ist für Weiß günstig, seine Figuren werden aktiv.} fxe4 (
11... Bb4 12. Rg1 $14) 12. fxe4 dxe4 13. d5 Ne5 14. Nxe4 Nf5 15. Bh3 $1 {
Das ist besser als das unmittelbare Eindringen des Springers auf e6. Die
weißen Leichtfiguren harmonieren gut miteinander.} (15. Ng5 Qf6 16. Ne6 Rf7 17.
Bxe5 Bxe5 18. f4 Bd6 19. Bh3 $14) 15... Qe7 16. Qc2 {Der schwarze Springer f5
gerät unter Beschuss.} ({In Frage kam die typische Prophylaxe} 16. Kb1 $5 Nf3 (
16... Rae8 17. Qc2 $14) 17. Qd3 N5d4 18. Nxd6 cxd6 19. Qe3 $14) 16... Nf3 17.
Bxf5 {Der Beginn einer großen Abtauschaktion.} (17. Nxd6 $5 cxd6 18. Kb1 N3d4
19. Qd3 $14) 17... Rxf5 18. Bxd6 ({Verlockend sieht auch} 18. Nxd6 {aus, aber
Schwarz kann sich behaupten:} Qg5+ 19. Kb1 cxd6 20. h4 Qh5 $1 21. Bxd6 (21. Qc7
Qe8 {/\Qe4,Nd4}) 21... Kh8 22. Qc7 Rg8 23. Bb4 Rxd5 24. Bc3 $14) 18... cxd6 19.
Nxd6 Qg5+ (19... Rf4 20. Nb5 Qd7 21. Qb3 $14) 20. Kb1 Rxd5 21. Rxd5 Qxd5 22.
Rd1 Qe6 23. Nxb7 Nxh2 $2 {Nach einer langen Serie mehr oder weniger forcierter
Züge bekommt Schwarz endlich die größere Wahl und greift sofort fehl. Mit 23...
Ne1! konnte er ein leicht schlechteres Endspiel herbeiführen.} (23... Rc8 24.
Nc5 Qf7 25. h3 $14) (23... Ne1 $1 24. Nc5 Qxa2+ 25. Kxa2 Nxc2 26. Kb3 Rc8 27.
Ne6 $14) 24. Nd8 $1 Qg6 $8 {Dieser einzige Zug führt zu einem für Schwarz
wenig beneidenswerten Endspiel.} 25. Qxg6 hxg6 26. Rd7 $16 Kh7 27. Ne6 Re8 28.
Ng5+ Kh6 29. Nf7+ Kh5 30. Rxa7 $18 Nf3 31. a4 Nd4 32. a5 Nc6 33. Rc7 Nb4 34.
Rc5+ g5 35. Rxg5+ Kh4 36. Re5 Rb8 37. Nd6 Nd3 38. Rb5 1-0

[Event "Bundesliga 0405"]
[Site "Germany"]
[Date "2005.02.13"]
[Round "11.2"]
[White "Van Wely, Loek"]
[Black "Brynell, Stellan"]
[Result "1-0"]
[WhiteElo "2681"]
[BlackElo "2473"]
[Annotator "Dautov,R"]
[PlyCount "46"]
[EventDate "2004.11.12"]
[EventType "team-tourn"]
[EventRounds "15"]
[EventCountry "GER"]
[SourceTitle "CBM 106"]
[Source "ChessBase"]
[SourceDate "2005.06.06"]
[SourceVersion "1"]
[SourceVersionDate "2005.06.06"]
[SourceQuality "1"]
[WhiteTeam "Porz"]
[BlackTeam "Neukoelln"]
[WhiteTeamCountry "GER"]
[BlackTeamCountry "GER"]

1. d4 d5 2. c4 Nc6 3. cxd5 Qxd5 4. e3 e5 5. Nc3 Bb4 6. Bd2 Bxc3 7. Bxc3 exd4 8.
Ne2 Nf6 9. Nxd4 O-O 10. Nb5 Qg5 11. h4 {Van Wely wählt die prinzipiellste
Eröffnungsvariante. Weiß gewinnt zwei Bauern, Schwarz erhält dafür eine starke
Initiative.} (11. Nxc7 Bg4 12. Qb3 Rad8 $44) 11... Qh6 $1 (11... Qg6 $2 12.
Nxc7 Bg4 13. Bd3 $1 Qh6 14. Qa4 Rad8 15. Bc2 Bc8 16. Rd1 $16 {Cifuentes Parada,
R-Miladinovic,I/Dos Hermanas 2000}) 12. Nxc7 (12. Be2 $2 Rd8 13. Qc2 Nd5 14.
Rd1 Be6 15. a3 Rd7 16. Nd4 Nxc3 17. Qxc3 Nxd4 18. Rxd4 Rad8 19. Rxd7 Rxd7 20.
Bf3 b6 21. g3 Qf6 $1 $15 {Rogozenko,D-Morozevich,A/Istanbul 2000}) (12. Qf3 Bg4
13. Qg3 Rad8 14. Bc4 Be6 $1 15. Bxe6 fxe6 16. O-O Ne4 $36) 12... Bg4 13. Qb3 (
13. Qa4 $6 Rac8 14. Nb5 Rfe8 $44) 13... Rad8 14. Qxb7 (14. Bc4 $2 Ne4 15. Qxb7
Nxc3 16. bxc3 Rd7 $19) 14... Rd6 $146 {Brynell möchte den Gegner mit der
Turmverdoppelung in der d-Linie zu der kurzen Rochade zwingen. Die andere
verlockende Angriffsmöglichkeit ist 14...Ne4.} (14... Ne4 $5 15. Bb5 Bd7 16.
Nd5 $2 (16. Be2 $1 $13) 16... Nd6 17. Qa6 Nb8 18. Nf6+ gxf6 19. Qxd6 Bxb5 20.
Qxf6 Qxf6 21. Bxf6 Rd7 22. Rh3 Rc8 $11 {Marcelin,C-Conquest,S/France 2001}) 15.
Bc4 (15. Nb5 $2 Re6 {/\Re3} 16. Nd4 Rb8 17. Qxc6 (17. Qc7 $2 Nd5 18. Qg3 Nxe3
$17) 17... Rxc6 18. Nxc6 Re8 $40) (15. Qb5 Ne4 $44) 15... Rfd8 $2 {Beinahe der
entscheidende Fehler, richtig war das Einschieben von 15...Rb8. Von b7 zielt
die weiße Dame in die Richtung des Bauern f7, was dem Anziehenden den starken
17.Zug ermöglicht.} (15... Rb8 $1 16. Qa6 Rbd8 17. O-O (17. Bb3 Nd4 18. Qxd6
Rxd6 19. Bxd4 Rxd4 20. exd4 Qf4 21. Nd5 Nxd5 22. Bxd5 Qxd4 $11) 17... Qxh4 $40
18. Nb5 $2 Bf3 $1 $19) 16. O-O Bf3 (16... Qxh4 $2 17. Nb5 $18) 17. Ne8 $3 $16 {
[%mdl 64] Ein eindrucksvoller Zug!} (17. gxf3 $2 Qxh4 18. Rfc1 Ng4 $40) 17...
R6d7 $1 (17... Rxe8 $2 18. Qxf7+ Kh8 19. Bxf6 $18) (17... Ne5 $2 18. Nxf6+ gxf6
19. Bxf7+ Kh8 20. gxf3 $18) 18. Nxf6+ gxf6 19. Qb5 $1 {Auf der 5. Reihe steht
die Dame optimal, sie verhindert sowohl Nc6-e5, als auch Qg6-f5.} (19. Qa6 $2
Qxh4 20. Be2 Bxg2 21. Kxg2 Kh8 $15) 19... Qg6 (19... Qg7 $5 20. Qg5 (20. g3 Ne5
21. Bxe5 fxe5 22. Be2 Rd5 23. Qc4 Qf6 24. Bxf3 Qxf3 25. b4 $16) 20... fxg5 21.
Bxg7 Kxg7 22. gxf3 Ne5 23. Be2 Rd2 24. Rfd1 $16) 20. g3 a6 $2 {Die Abgabe des
dritten Bauern verliert chancenlos. Schwarz sollte 20...Rb8 versuchen.} (20...
Ne5 $2 21. Bxe5 Qf5 22. Bxf6 Qxf6 23. Qg5+ $18) (20... Rb8 $1 21. Qa6 $1 (21.
Qc5 $2 Ne5 $1 22. Bxe5 Qf5 23. Kh2 fxe5 24. b3 Be4 $44) 21... Qf5 22. Be2 Ne5
23. Bxe5 fxe5 24. Bxf3 Qxf3 25. Rac1 Kg7 $16) 21. Qxa6 $18 {Der große
materielle Vorteil des Weißen ist entscheidend.} Qf5 22. Be2 Be4 (22... Ne5 23.
Bxe5 fxe5 24. Bxf3 Qxf3 25. b4 $18) 23. f3 Qh3 (23... Qh3 24. Rf2 $18) 1-0

[Event "Solin 11th"]
[Site "Solin/Spilt"]
[Date "2003.12.15"]
[Round "4"]
[White "Shariyazdanov, Andrey"]
[Black "Kovacevic, Vlatko"]
[Result "1-0"]
[WhiteElo "2580"]
[BlackElo "2503"]
[Annotator "Dautov,R"]
[PlyCount "77"]
[EventDate "2003.12.12"]
[EventType "tourn"]
[EventRounds "9"]
[EventCountry "CRO"]
[EventCategory "9"]
[SourceTitle "CBM 099"]
[Source "ChessBase"]
[SourceDate "2004.03.30"]
[SourceVersion "1"]
[SourceVersionDate "2004.03.30"]
[SourceQuality "1"]

1. d4 e6 2. c4 d5 3. Nc3 Nc6 $6 4. Nf3 Bb4 {Der einzige Vorteil dieser
Variante ist ihre Seltenheit. Weiß bekommt mühelos einen kleinen, aber
langfristigen Vorteil.} 5. Bg5 $1 Nge7 6. e3 h6 (6... f6 7. Bf4 $14) 7. Bh4 O-O
8. Qc2 Qe8 9. a3 Bxc3+ 10. Qxc3 Nf5 11. Bg3 Qe7 12. Bd3 Nd6 $6 {Schwarz sollte
lieber nicht auf den Läuferabtausch verzichten, denn im weiteren Partieverlauf
wird dieser Läufer zu einer großen Macht.} (12... Nxg3 13. hxg3 Bd7 $14) 13.
Nd2 $1 {[%mdl 32] Nimmt das Feld e4 unter Kontrolle und verhindert damit jede
gegnerische Aktivität.} (13. b3 Ne4 14. Qc2 Nxg3 15. hxg3 $14) 13... a5 14. b3
$16 Bd7 $6 {Es läßt sich leicht sagen, daß Schwarz die folgende Erstickung
lieber nicht zulassen sollte. Schwerer ist es, eine vernünftige Alternative
vorzuschlagen.} (14... Rd8 15. O-O a4 16. b4 dxc4 17. Nxc4 Bd7 18. Bxd6 cxd6
19. b5 Na7 20. Nb6 $18) (14... Re8 15. O-O a4 16. b4 dxc4 17. Nxc4 Nxc4 18.
Bxc4 e5 19. b5 exd4 20. exd4 Na5 21. Rfe1 $18) 15. c5 $1 $16 Ne8 16. O-O b6 17.
b4 bxc5 18. bxc5 f5 $2 {Danach steht Schwarz endgültig auf Verlust. Zäher war
18...Ra7 nebst Nf6.} (18... Ra7 19. Rab1 Nf6 $16) 19. Nf3 Ra7 20. Ne5 $18 Nxe5
21. Bxe5 Bc6 (21... Nf6 22. c6 Be8 23. Rab1 $18) 22. a4 {Gegen den simplen
Plan Bb5 nebst Turmverdoppelung auf der b-Linie kann Schwarz kein Rezept
finden.} Nf6 23. Bb5 Ne4 (23... Qd7 24. Rab1 Ng4 25. Bg3 Nf6 26. f3 $18) 24.
Qc2 Be8 25. f3 Ng5 26. Rab1 Nf7 27. Bg3 Nd8 28. c6 $1 Bg6 29. Rb3 Bh7 30. Bd3 {
Das Eindringen auf b8 entscheidet die Partie.} g5 31. Rb8 f4 32. Bxh7+ Qxh7 33.
Qxh7+ Kxh7 34. exf4 Rg8 35. Rc1 Nxc6 36. Rxg8 Nxd4 37. Rd1 Ne2+ 38. Kf2 Nc3 39.
Rd3 1-0